| 000 | 00799nam a2200241 a 4500 | ||
|---|---|---|---|
| 001 | 000035518 | ||
| 005 | 20200930074412.0 | ||
| 008 | 111103s1971 sp 000 0 spa d | ||
| 020 | _a8424500679 | ||
| 040 |
_aDO-SdBNP _bspa _cBNPHU |
||
| 082 |
_axxx _bI12d, 1971 |
||
| 100 | 1 |
_aIbarrola, Alonso _961401 |
|
| 245 | 1 | 4 |
_aLos dos libros de Alonso Ibarrola / _cAlonso Ibarrola. |
| 250 | _a2a ed. | ||
| 260 |
_aMadrid, España : _bFundamentos, _c1971. |
||
| 300 |
_a206 p. ; _c20 cm. |
||
| 490 | 1 |
_aArte. _aHumor |
|
| 505 | 0 |
_gContiene: _tDepetris (Historias del tren) _tHistorias para burgueses / _cAlonso Ibarrola |
|
| 563 | _aDos obras publicadas juntas con paginación contínua | ||
| 740 | 0 | 2 | _aDepetris (Historias del tren) |
| 740 | 0 | 2 | _aHistorias para burgueses |
| 830 | 0 |
_aArte _pHumor _961402 |
|
| 999 |
_c35009 _d35009 |
||